|
|
|
|
| LEADER |
00000cam a2200000 a 4500 |
| 001 |
103488 |
| 005 |
20230308183724.0 |
| 008 |
012083|2001 ||||||||r|||||||||||spa|| |
| 040 |
|
|
|b spa
|
| 041 |
1 |
|
|a spa
|
| 082 |
0 |
|
|a 378
|
| 110 |
1 |
|
|a Programa Nacional de Apoyo a la Reforma de la Administración de Justicia del Ecuador
|9 106914
|
| 245 |
|
|
|a Diseño de la Cátedra: Ciudadanía y Derechos Fundamentales: Teoría y Práctica
|c Facultad de Jurisprudencia Universidad Internacional SEK del Ecuador
|h imp
|
| 264 |
|
|
|a Quito
|b Universidad Internacional SEK del Ecuador
|c 2001
|
| 300 |
|
|
|a 62 páginas:
|c 21 cm
|
| 490 |
|
|
|a Projusticia
|
| 504 |
|
|
|a incl. ref.
|
| 650 |
|
|
|a Diseños de cátedra
|9 106918
|
| 650 |
|
0 |
|a Derecho aéreo
|9 11743
|
| 852 |
|
|
|a UC-CDJBV
|c ESTANTERIA CERRADA
|f Compra
|k abcd
|l 1
|m General
|p 20120831
|q 1.00
|r 2
|t 103488
|b 0
|d CDRC
|e CDRC
|g 378 ESTANTERIA CERRADA
|z 2012-20-83
|
| 942 |
|
|
|c BK
|
| 999 |
|
|
|c 63949
|d 63949
|